[Event "Moscow ol (Men)"]
[Site "Moscow"]
[Date "1994.??.??"]
[Round "1"]
[White "Owosina, Tolani"]
[Black "Komliakov, Viktor"]
[Result "0-1"]
[WhiteElo "2075"]
[BlackElo "2455"]

1.e4 d6 2.d4 Nf6 3.Nc3 e5 4.dxe5 dxe5 5.Qxd8+ Kxd8 6.Bc4 Be6 7.Bxe6 fxe6
8.Bg5 Bd6 9.f3 a6 10.O-O-O Nc6 11.Nge2 Ke7 12.Nb1 Bc5 13.Nd2 h6 14.Nb3 hxg5
15.Nxc5 b6 16.Nd3 g4 17.Ng1 Nh5 18.h3 Ng3 19.Rh2 Rad8 20.fxg4 Nxe4 21.Nf3 Ng3
22.Re1 e4 23.Nfe5 Nd4 24.Nf4 Kf6 25.Nfg6 Rh6 26.g5+ Kxg5 27.Nf7+ Kxg6 28.Nxd8 Rh8
29.c3 Nde2+ 30.Rxe2 Nxe2+ 31.Kd2 Ng3  0-1

[Event "Moscow ol (Women)"]
[Site "Moscow"]
[Date "1994.??.??"]
[Round "2"]
[White "Grosar, Kiti"]
[Black "Sheremetieva, Marina"]
[Result "1/2-1/2"]
[WhiteElo "2195"]
[BlackElo "2285"]

1.e4 d6 2.d4 Nf6 3.Nc3 e5 4.Nf3 Nbd7 5.Bc4 Be7 6.O-O O-O 7.Re1 c6 8.a4 a5
9.Ba2 exd4 10.Nxd4 Nc5 11.h3 Be6 12.Bxe6 fxe6 13.b3 Nfd7 14.Be3 Bf6 15.Qd2 Qe7
16.Rad1 Qf7 17.f3 d5 18.exd5 exd5 19.Bg5 Be5 20.Nce2 Bd6 21.Kh1 Ne5 22.Ng1 h6
23.Be3 Ng6 24.Nge2 Nd7 25.c3 Qf6 26.Nc2 Bc7 27.c4 Nh4 28.Nc3 Be5 29.Nb1 Bg3
30.Rf1 Ne5 31.cxd5 Rfd8 32.d6 Nf5 33.Bc5 Nf7 34.d7 Ne5 35.Qc3 Qf7 36.Nd4 Nxd4
37.Bxd4 Nxd7 38.Nd2 Bc7 39.Qc4 Nf8 40.Qxf7+ Kxf7 41.Ne4 Ne6 42.Be3 b6 43.f4 Ke7
44.Rde1 Kf7 45.f5 Nd4 46.Bxd4 Rxd4 47.f6 Bd8 48.fxg7+ Kxg7 49.Ng3 Rd3 50.Nh5+ Kh7
51.Re8 Ra7 52.Nf6+ Bxf6 53.Rxf6 Rg7  1/2-1/2

[Event "Moscow ol (Men)"]
[Site "Moscow"]
[Date "1994.??.??"]
[Round "2"]
[White "Belli, Mario"]
[Black "Sokolovs, Andrei"]
[Result "1/2-1/2"]
[WhiteElo "2410"]
[BlackElo "2520"]

1.d4 d6 2.e4 Nf6 3.Nc3 c6 4.Nf3 Bg4 5.Be2 e6 6.O-O d5 7.Bg5 Be7 8.exd5 Bxf3
9.Bxf3 cxd5 10.Ne2 Qd7 11.b3 O-O 12.c4 Nc6 13.Bxf6 Bxf6 14.cxd5 exd5 15.a3 Qd6
16.b4 a5 17.b5 Ne7 18.Qd3 Bg5 19.Rfe1 Rac8 20.Nc3 Rfd8 21.g3 Bf6 22.Bd1 Qb6
23.Ne2 g6 24.Bb3 Nf5 25.Red1 Kg7 26.a4 Re8 27.Ra2 Qd6 28.Qf3 Re4 29.Rad2 Rce8
30.Kg2 Ne3+ 31.fxe3 Rxe3 32.Qxd5 Rxe2+ 33.Rxe2 Rxe2+ 34.Kf3 Qxd5+ 35.Bxd5 Rxh2
36.Bxb7 Ra2 37.Bc6 Rxa4 38.b6 Rxd4 39.b7 Rb4 40.Rd5 Be7 41.g4 a4 42.Rb5  1/2-1/2

[Event "Moscow ol (Men)"]
[Site "Moscow"]
[Date "1994.??.??"]
[Round "2"]
[White "Annageldiev, Orazly"]
[Black "Spangenberg, Hugo"]
[Result "1-0"]
[WhiteElo "2440"]
[BlackElo "2530"]

1.d4 d6 2.e4 Nf6 3.Nc3 e5 4.Nf3 Nbd7 5.Bc4 Be7 6.O-O O-O 7.Re1 c6 8.a4 Qc7
9.h3 Re8 10.a5 exd4 11.Nxd4 Bf8 12.Bg5 g6 13.Qd2 Bg7 14.Bh6 Nc5 15.Bxg7 Kxg7
16.Qf4 Ne6 17.Qd2 Nc5 18.f3 Be6 19.Bf1 Rad8 20.b4 Ncd7 21.f4 Nf8 22.a6 b5
23.Qf2 Rb8 24.f5 Bd7 25.g4 h6 26.fxg6 fxg6 27.Bxb5 N8h7 28.Bxc6 Bxc6 29.Nxc6 Qxc6
30.Qxa7+ Kg8 31.Qd4 Qb6 32.Qxb6 Rxb6 33.b5 Ng5 34.Kg2 Rc8 35.Re3 Kg7 36.Ra5 Nd7
37.Na4 Rxc2+ 38.Kg3 Rb8 39.a7 Ra8 40.b6 Ra2 41.b7 Rf8 42.Rxg5 hxg5 43.a8=Q Rff2
44.e5 Rg2+ 45.Kf3 Rgf2+ 46.Ke4 Rad2 47.Rd3  1-0

[Event "Moscow ol (Women)"]
[Site "Moscow"]
[Date "1994.??.??"]
[Round "4"]
[White "Grosar, Kiti"]
[Black "Kunte, Abhijit"]
[Result "0-1"]
[WhiteElo "2195"]
[BlackElo "2190"]

1.e4 d6 2.d4 Nf6 3.Nc3 c6 4.Nf3 Bg4 5.h3 Bh5 6.Be2 e6 7.O-O Be7 8.a4 d5 9.exd5 cxd5
10.Ne5 Bxe2 11.Qxe2 Nc6 12.Nxc6 bxc6 13.Bf4 O-O 14.Qd3 Nd7 15.Rfe1 Bf6 16.Bd6 Re8
17.Ne2 Qb6 18.a5 Qb5 19.Qxb5 cxb5 20.f4 Rac8 21.c3 Rc6 22.Bb4 g6 23.Nc1 Bd8
24.Nd3 Bc7 25.Ne5 Bxe5 26.fxe5 f5 27.Bd6 a6 28.Bb4 Kg7 29.Kf2 Nf8 30.Rab1 g5
31.Bxf8+ Rxf8 32.Re3 Rfc8 33.Ra1 Rc4 34.Ra3 R8c6 35.b4 Rc8 36.Rg3 Kg6 37.Rd3 R4c7
38.Ke2 h5 39.Kf2 f4  0-1

[Event "Moscow ol (Men)"]
[Site "Moscow"]
[Date "1994.??.??"]
[Round "4"]
[White "De Villiers, Charles"]
[Black "Mokry, Karel"]
[Result "0-1"]
[WhiteElo "2320"]
[BlackElo "2530"]

1.d4 d6 2.e4 Nf6 3.Nc3 c6 4.Be2 e5 5.Nf3 Nbd7 6.a4 a5 7.O-O Be7 8.Re1 O-O
9.b3 h6 10.Ba3 Nh7 11.Qd2 Re8 12.Rad1 Bf8 13.d5 c5 14.Bb5 Be7 15.Qe2 Rf8
16.Bc1 Nb6 17.Nb1 f5 18.exf5 Bxf5 19.h3 Ng5 20.Nxg5 Bxg5 21.Bd3 Bxd3 22.Rxd3 Bxc1
23.Rxc1 c4 24.Rg3 Rc8 25.Qd2 Qf6 26.Rf3 Qg5 27.Rxf8+ Kxf8 28.Qxg5 hxg5 29.Nd2 cxb3
30.Nxb3 Nc4 31.Ra1 Ke7 32.Kf1 b6 33.Ra2 e4 34.Ke2 Kf6 35.Nd4 Rc5 36.c3 Ke5
37.Ra1 Nb2 38.Nb5 Nxa4  0-1

[Event "Moscow op"]
[Site "Moscow"]
[Date "1994.??.??"]
[Round "4"]
[White "Ivanov, Victor L"]
[Black "Akopian, Artak"]
[Result "1-0"]
[WhiteElo "2385"]
[BlackElo "2095"]

1.e4 d6 2.d4 Nf6 3.Nc3 c6 4.f4 Qa5 5.Bd3 e5 6.Nf3 exd4 7.Nxd4 Qb6 8.Nb3 a5
9.a4 Be6 10.Qe2 Na6 11.Be3 Qc7 12.Bd4 Bxb3 13.cxb3 Nb4 14.Bc4 O-O-O 15.O-O d5
16.exd5 Nbxd5 17.Nxd5 Nxd5 18.Rad1 f6 19.Qe6+ Kb8 20.Bf2 Bb4 21.Bxd5 Rhe8
22.Qf5 Rxd5 23.Rxd5 cxd5 24.Qxd5 Rc8 25.Kh1 Qc2 26.Bd4 Qe2 27.Rg1 Qc2 28.Qd7 Qc7
29.Qf5 Qc2 30.Qg4 Qc7 31.Qh3 h6 32.Qf3 Bc5 33.Rc1 Qd6 34.Bc3 Bb4 35.Rd1 Qc6
36.Rd3 Qxf3 37.Rxf3 Bxc3 38.bxc3 Rd8 39.h3 Rd1+ 40.Kh2 Rb1 41.c4 Kc7 42.f5 Kd6
43.Rd3+ Kc6 44.g4 b6 45.Kg3 h5 46.gxh5 Rf1 47.h6 gxh6 48.Kg4 Rg1+ 49.Kh5 Rg5+
50.Kxh6 Rxf5 51.h4 Rf1 52.h5 Rg1 53.Rf3 f5 54.Rxf5 Rg3 55.Rg5 Rxb3 56.Kg7 Rd3
57.h6 Rd7+ 58.Kg6 Rd6+ 59.Kh5 Rd7 60.Rf5 Rd6 61.h7 Rd8 62.Kg6  1-0

[Event "Moscow ol (Men)"]
[Site "Moscow"]
[Date "1994.??.??"]
[Round "6"]
[White "Nguyen Anh Dung"]
[Black "Perchman, Daniel"]
[Result "1-0"]
[WhiteElo "2340"]
[BlackElo "2315"]

1.e4 d6 2.d4 Nf6 3.Nc3 c6 4.Nf3 Bg4 5.h3 Bh5 6.a4 Nbd7 7.g4 Bg6 8.e5 Ne4
9.e6 fxe6 10.Bd3 Qa5 11.Bd2 Nxd2 12.Bxg6+ hxg6 13.Qxd2 O-O-O  1-0

[Event "Moscow ol (Men)"]
[Site "Moscow"]
[Date "1994.??.??"]
[Round "6"]
[White "Odeev, Handszar"]
[Black "Belli, Mario"]
[Result "1/2-1/2"]
[WhiteElo "2405"]
[BlackElo "2410"]

1.e4 d6 2.d4 Nf6 3.Nc3 c6 4.Nf3 Bg4 5.h3 Bh5 6.Bd3 e6 7.Be3 Be7 8.g4 Bg6
9.Nd2 d5 10.e5 Nfd7 11.Bxg6 hxg6 12.Qe2 b5 13.a3 Nb6 14.Kf1 N8d7 15.Kg2 Nc4
16.Nxc4 bxc4 17.f4 Rb8 18.Nd1  1/2-1/2

[Event "Moscow ol (Women)"]
[Site "Moscow"]
[Date "1994.??.??"]
[Round "6"]
[White "Amura, Claudia Noemi"]
[Black "Hoiberg, Nina"]
[Result "1-0"]
[WhiteElo "2325"]
[BlackElo "2275"]

1.d4 d6 2.e4 Nf6 3.Nc3 e5 4.Nf3 Nbd7 5.Bc4 Be7 6.Ng5 O-O 7.Bxf7+ Rxf7 8.Ne6 Qe8
9.Nxc7 Qf8 10.Nxa8 Bd8 11.Be3 b6 12.Nb5 Nxe4 13.Nac7 exd4 14.Qxd4 Ndc5 15.Nd5 Qe8
16.Nbc3 Nxc3 17.Qxc3 Rxf2 18.O-O-O Re2 19.Qc4 Ba6 20.Nf6+ Kh8 21.Nxe8 Bxc4
22.Nxd6 Rxe3 23.Nxc4 Re8 24.Nd6 Bg5+ 25.Kb1 Rf8 26.Rhf1 Bf6 27.Rde1 Kg8 28.Ne8 Bg5
29.Rxf8+ Kxf8 30.Nd6  1-0

[Event "Moscow op"]
[Site "Moscow"]
[Date "1994.??.??"]
[Round "7"]
[White "Nikitin, Aleksander S"]
[Black "Belikov, Vladimir"]
[Result "1/2-1/2"]
[WhiteElo "2445"]
[BlackElo "2435"]

1.e4 d6 2.d4 Nf6 3.Nc3 Nbd7 4.Nf3 e5 5.Bc4 Be7 6.O-O O-O 7.Re1 c6 8.a4 b6
9.d5 c5 10.a5 Ne8 11.Bb5 Nc7 12.axb6 Nxb5 13.Nxb5 Qxb6 14.Na3 Qb8 15.Nc4 Nb6
16.Na5 Bd7 17.c4 Qc7 18.Be3 Rab8 19.Nd2 Kh8 20.Ra2 Nc8 21.Qc2 g6 22.f4 f5
23.exf5 exf4 24.Bxf4 Bxf5 25.Qc1 Bh4 26.Bg3 Bf6 27.Nc6 Rb7 28.Ne4 Bxe4 29.Rxe4 Qg7
30.b3 Rxb3 31.Rae2 Rb7 32.Re6 Rbf7 33.Re1 Bc3 34.Rd1 a5 35.Re3 Bb2 36.Qc2 Na7
37.Bxd6 Nxc6 38.Bxf8 Rxf8 39.dxc6 Bd4 40.Rxd4 cxd4 41.Rf3 Rd8 42.Qf2 d3 43.c7 Rc8
44.Rxd3  1/2-1/2

[Event "Moscow ol (Women)"]
[Site "Moscow"]
[Date "1994.??.??"]
[Round "7"]
[White "Safranska, Anda"]
[Black "Sheremetieva, Marina"]
[Result "0-1"]
[WhiteElo "2305"]
[BlackElo "2285"]

1.e4 d6 2.d4 Nf6 3.Nc3 c6 4.f4 g6 5.Nf3 Bg7 6.Bd3 O-O 7.O-O Qb6 8.Kh1 Bg4
9.Ne2 c5 10.dxc5 Qxc5 11.h3 Bd7 12.Qe1 Nc6 13.Qh4 Nb4 14.Nc3 Nxd3 15.cxd3 e6
16.f5 exf5 17.Bg5 fxe4 18.dxe4 Nh5 19.Nd5 f6 20.Be3 Qc2 21.Nd4 Qxe4 22.Qxe4 Ng3+
23.Kg1 Nxe4 24.Rac1 Rf7 25.Rc7 b6 26.g4 Nc5 27.b4 Ne6 28.Rxd7 Rxd7 29.Nxe6 Bh8
30.Nxf6+ Bxf6 31.Rxf6 Re8 32.Bf2 Rf7 33.Rxf7 Kxf7 34.Nd4 a6 35.a4 Rc8 36.b5 Rc1+
37.Kg2 Ra1 38.bxa6 Rxa4 39.Nb5 Rxa6 40.Nxd6+ Ke6 41.Ne4 h6 42.Be3 g5 43.Kf3 Ke5
44.Bc1 b5 45.Bb2+ Kd5 46.Ke3 Re6  0-1

[Event "Moscow"]
[Site "Moscow"]
[Date "1994.??.??"]
[Round "8"]
[White "Zaitsev, Igor A"]
[Black "Komliakov, Viktor"]
[Result "1/2-1/2"]
[WhiteElo "2430"]
[BlackElo "2445"]

1.e4 d6 2.d4 Nf6 3.Nc3 c6 4.Nf3 Bg4 5.Be2 e6 6.O-O Be7 7.Ng5 Bxe2 8.Qxe2 h6
9.Nf3 d5 10.e5 Nfd7 11.Nd1 c5 12.c3 Nc6 13.Be3 Qb6  1/2-1/2

[Event "Moscow ol (Men)"]
[Site "Moscow"]
[Date "1994.??.??"]
[Round "9"]
[White "Titov, German"]
[Black "Galego, Luis"]
[Result "1-0"]
[WhiteElo "2485"]
[BlackElo "2440"]

1.e4 d6 2.d4 Nf6 3.Nc3 c6 4.g3 e5 5.Nge2 Be7 6.Bg2 O-O 7.O-O Nbd7 8.a4 Re8
9.h3 Bf8 10.Re1 Qc7 11.g4 g6 12.Be3 Bg7 13.Ng3 Nb6 14.b3 a5 15.g5 Nfd7 16.f4 Nf8
17.dxe5 dxe5 18.f5 Nfd7 19.Qf3 Bf8 20.Rf1 Nb8 21.Nd1 c5 22.Nf2 Nc6 23.Ng4 Bg7
24.Nf6+ Bxf6 25.gxf6 Nd4 26.Qg4 Qd6 27.Qh4 Nd7 28.fxg6 hxg6 29.Nf5 Nxf5 30.exf5 Qxf6
31.Bg5 Qg7 32.fxg6 Qxg6 33.Bd5 Re6 34.Bxe6 Qxe6 35.Kh2 f5 36.Rg1 Kf7 37.Qh7+ Ke8
38.Qh8+ Kf7 39.Bh4  1-0

[Event "Moscow ol (Men)"]
[Site "Moscow"]
[Date "1994.??.??"]
[Round "10"]
[White "Benjamin, Joel"]
[Black "Belli, Mario"]
[Result "1-0"]
[WhiteElo "2610"]
[BlackElo "2410"]

1.d4 d6 2.e4 Nf6 3.Nc3 c6 4.f4 Qa5 5.Bd3 e5 6.Nf3 exd4 7.Nxd4 Qb6 8.Be2 Be7
9.O-O O-O 10.Kh1 d5 11.e5 Ne4 12.Be3 Nxc3 13.bxc3 c5 14.Rb1 Qd8 15.Nb3 b6
16.Bf3 Ba6 17.Re1 Nc6 18.Bxd5 Rc8 19.Qf3 Qc7 20.Rbd1 Bb7 21.Qg3 c4 22.Nd2 Na5
23.Bxb7 Qxb7 24.f5 Kh8 25.Bd4 Bc5 26.Ne4 Rcd8 27.f6 gxf6 28.Bxc5 bxc5 29.exf6  1-0

[Event "Moscow ol (Men)"]
[Site "Moscow"]
[Date "1994.??.??"]
[Round "11"]
[White "Gurcan, Selim"]
[Black "Shaw, John"]
[Result "1/2-1/2"]
[WhiteElo "2205"]
[BlackElo "2310"]

1.e4 d6 2.d4 Nf6 3.Nc3 e5 4.Nf3 Nbd7 5.Bc4 Be7 6.O-O O-O 7.Re1 c6 8.a4 b6
9.b3 a6 10.Bb2 Bb7 11.dxe5 dxe5 12.Ne2 Nxe4 13.Nxe5 Nxe5 14.Bxe5 Bf6 15.Bxf6 Qxf6
16.Qd4 c5 17.Qxf6 Nxf6 18.Nc3 Rfe8 19.f3 Kf8 20.Rxe8+ Rxe8 21.Rd1 Re3 22.Rd8+ Ke7
23.Rb8 Bxf3 24.gxf3 Rxc3 25.Rxb6 Nd7 26.Rxa6 Rxc2 27.Ra7 Kd6 28.Bxf7 Ne5
29.Ra6+ Ke7 30.Bd5 Ng6 31.a5 Nf4 32.Be4 Rg2+ 33.Kf1 Rxh2 34.Ra7+ Kf6 35.Rc7 Ne6
36.Rc6 Ke5 37.a6 Ra2 38.Bxh7 Nd4 39.Rxc5+ Kf4 40.Rc4 Kxf3 41.Rc3+ Kf4 42.Rc4 Ke3
43.Ra4 Rf2+ 44.Ke1 Rg2 45.Kf1 Rf2+ 46.Ke1 Rg2  1/2-1/2

[Event "Moscow ol (Men)"]
[Site "Moscow"]
[Date "1994.??.??"]
[Round "11"]
[White "Rytshagov, Mikhail"]
[Black "Nevednichy, Vladislav"]
[Result "1-0"]
[WhiteElo "2460"]
[BlackElo "2470"]

1.e4 d6 2.d4 Nf6 3.Nc3 e5 4.Nf3 Nbd7 5.Bc4 Be7 6.O-O O-O 7.Re1 c6 8.a4 a5
9.h3 h6 10.Be3 Re8 11.Qb1 Nh7 12.Qa2 Rf8 13.Rad1 Qc7 14.Ne2 Ng5 15.Nxg5 Bxg5
16.Ng3 Bxe3 17.Rxe3 exd4 18.Rxd4 Ne5 19.Bf1 Be6 20.Qa3 c5 21.Rd2 g5 22.Nh5 f6
23.f4 gxf4 24.Nxf4 Qe7 25.Rg3+ Kh7 26.Nh5 Rg8 27.Rf2 Raf8 28.Rxg8 Bxg8 29.Qg3 Be6
30.Qf4 Kg6 31.Be2 Rf7 32.Qg3+ Kh7 33.Qh4 Kg6 34.Bg4 Bxg4 35.hxg4 Kh7 36.Nxf6+ Kg7
37.g5  1-0

[Event "Moscow ol (Men)"]
[Site "Moscow"]
[Date "1994.??.??"]
[Round "14"]
[White "Brestian, Egon"]
[Black "Hergott, Deen"]
[Result "1/2-1/2"]
[WhiteElo "2445"]
[BlackElo "2430"]

1.e4 d6 2.d4 Nf6 3.Nc3 c6 4.a4 e5 5.dxe5 dxe5 6.Qxd8+ Kxd8 7.Bc4 Bb4 8.Bd2 Bxc3
9.Bxc3 Nxe4 10.Bxe5 Re8 11.O-O-O+ Nd7 12.Bd4 Kc7 13.Nf3 f6 14.Rhe1 Nd6 15.Rxe8 Nxe8
16.Be3 g5 17.h4 Nd6 18.Bd3 h6 19.hxg5 hxg5 20.Rh1 c5 21.Rh7 b6 22.b4 c4 23.Bf1 Bb7
24.Nd4 Re8 25.g3 Be4 26.Rh6 Nf7 27.Nb5+ Kb8 28.Rh2 Nde5 29.Be2 Bg6 30.Kb2 a6
31.Nc3 Nd6 32.Bxb6 Nd3+ 33.Ka3 Ne1 34.Bc5 Nxc2+ 35.Kb2 Nb7 36.Bxc4 Ne1 37.Bxa6 Nxc5
38.bxc5 Bd3 39.Bb5 Bxb5 40.axb5 Nd3+ 41.Kb3 Nxc5+ 42.Kc4 Nd7 43.Rh7 Ne5+
44.Kd4 Rd8+ 45.Ke4 Nd3 46.Ke3 f5 47.Na4 f4+ 48.gxf4 gxf4+ 49.Kf3 Rd4 50.Nb6 Ne5+
51.Kg2 f3+ 52.Kh3 Rd6 53.Na4 Rd1 54.Kg3 Rb1 55.Rh5 Rxb5 56.Nc3 Rc5 57.Ne4 Ra5
58.Nf6 Kc7 59.Ng4 Nc4 60.Rh7+ Kd6 61.Kxf3 Ne5+ 62.Nxe5 Rxe5 63.Rh4 Rf5+ 64.Ke3 Re5+
65.Kf3 Rf5+ 66.Kg3 Ke5 67.f4+ Kf6 68.Rh6+ Kg7 69.Ra6 Rb5 70.Kg4 Rc5  1/2-1/2

[Event "Muenster op"]
[Site "Muenster"]
[Date "1994.??.??"]
[Round "6"]
[White "Howell, James C"]
[Black "Matthaei, Alexander"]
[Result "0-1"]
[WhiteElo "2505"]
[BlackElo "2285"]

1.e4 d6 2.d4 Nf6 3.Nc3 e5 4.Nge2 Be7 5.g3 O-O 6.Bg2 Nbd7 7.O-O Re8 8.h3 Bf8
9.g4 h5 10.g5 Nh7 11.f4 h4 12.Qe1 exf4 13.Qxh4 Qxg5 14.Qxg5 Nxg5 15.Nb5 f3
16.Bxg5 fxg2 17.Kxg2 Rb8 18.Ng3 Re6 19.Nxa7 Nb6 20.Nxc8 Rxc8 21.b3 d5 22.exd5 Nxd5
23.c4 Ne3+ 24.Bxe3 Rxe3 25.Rf3 Rxf3 26.Kxf3 Re8 27.Ne4 f5 28.Nf2 g5 29.Rd1 Kf7
30.Nd3 Re4 31.d5 Rh4 32.Kg2 Kf6 33.Re1 Rd4 34.Re6+ Kg7 35.Ne5 Rd2+ 36.Kf3 Bd6
37.Ke3 Rh2 38.Nd3 Rxh3+ 39.Kd4 Rh4+ 40.Kc3 Rh6 41.Rxh6 Kxh6 42.Kd2 g4 43.Ke2 Kg5
44.Kf1 f4 45.c5 Be7 46.a4 Kf5 47.a5 Bf6 48.b4 Ke4 49.Nf2+ Kxd5 50.Nxg4 Bc3
51.b5 Bxa5 52.c6 b6 53.Nf6+ Kc4 54.Ne8 Kxb5 55.Nxc7+ Kxc6 56.Ne6 Bd2 57.Ke2 Be3
58.Kd3 Kd5 59.Nc7+ Kc5 60.Ne6+ Kb4 61.Nc7 b5 62.Nd5+ Ka3 63.Kc3 Ka4 64.Nf6 b4+
65.Kd3 Ka3 66.Nd5 b3 67.Nc3 b2  0-1

[Event "Muenster op"]
[Site "Muenster"]
[Date "1994.??.??"]
[Round "8"]
[White "Slobodjan, Roman"]
[Black "Eilers, Stefan"]
[Result "1/2-1/2"]
[WhiteElo "2490"]
[BlackElo "2265"]

1.e4 d6 2.d4 Nf6 3.Nc3 e5 4.Nf3 Nbd7 5.g3 g6 6.Bg2 Bg7 7.O-O O-O 8.h3 Re8
9.Re1 a6 10.a4 Rb8 11.a5 h6 12.Be3 exd4 13.Nxd4 Ne5 14.f4 Nc4 15.Bc1 c6 16.Nb3 d5
17.e5 Nh7 18.Ra4 Be6 19.Kh2 h5 20.Nc5 Nxa5 21.Nxe6 fxe6 22.Qd3 Nf8 23.b3 b5
24.Ra2 Nb7 25.Be3 a5 26.Bf2 Qd7 27.Bb6 Ra8 28.Rea1 g5 29.Be3 Qf7 30.Ne2 g4
31.Nd4 Rac8 32.Qe2 Qg6 33.c4 bxc4 34.bxc4 Nc5 35.Rxa5 Ne4 36.h4 Nd7 37.Ra6 Nxe5
38.fxe5 Bxe5 39.Bxe4 Qxe4 40.Rd1 c5 41.Nc6 d4 42.Nxe5 Qxe5 43.Ra3 Rb8 44.Rd2 dxe3
45.Rxe3 Qf6 46.Re5 Red8 47.Ra2 Ra8 48.Rc2 Ra1 49.Rg5+ Kf7 50.Qe4 Ke7 51.Re2 Rd4
52.Qb7+ Rd7 53.Qc6 Rd6 54.Qc7+ Rd7 55.Qxc5+ Rd6 56.Rd2 Rh1+ 57.Kxh1 Qf1+
58.Qg1 Qf3+ 59.Rg2 Rd1 60.Rxh5 Rxg1+  1/2-1/2

[Event "New York op"]
[Site "New York"]
[Date "1994.??.??"]
[Round "6"]
[White "Stefansson, Hannes"]
[Black "Lombardy, William James"]
[Result "1/2-1/2"]
[WhiteElo "2525"]
[BlackElo "2450"]

1.e4 d6 2.d4 Nf6 3.Nc3 Nbd7 4.f4 e5 5.Nf3 exd4 6.Qxd4 c6 7.Be3 d5 8.O-O-O Bc5
9.Qd3 Qe7 10.e5 Ng4 11.Bd4 Nf2 12.Bxf2 Bxf2 13.g3 Bb6 14.Nd4 Nc5 15.Qf3 O-O
16.g4 f6 17.exf6 Qxf6 18.Nce2 Bd7 19.g5 Qe7 20.Bh3 Rae8 21.Bxd7 Nxd7 22.Qg4 Nc5
23.Rhf1 Qe3+ 24.Kb1 Ne4 25.Ne6 Nd2+ 26.Rxd2 Qxd2 27.Ng3 Rf7 28.Rd1 Qxd1+
29.Qxd1 Rxe6 30.f5 Re5 31.a3 Bf2 32.Qg4 Bxg3 33.g6 Rfxf5 34.gxh7+ Kxh7 35.Qxg3 Kg8
36.Qg4 Kf7 37.h4 a6 38.Qb4 Re7 39.Qg4 g6 40.b4 Kg7 41.Qd4+ Kh7 42.Kb2 Re4
43.Qb6 Rf7 44.Qd8 Ree7 45.Qc8 Kg7 46.Qd8 Re5 47.Kb3 Re3+ 48.Kb2 Rfe7 49.Qc8 Rf7
50.Qd8 Re5 51.Kb3 Ref5 52.Kb2 R5f6 53.Kb3 Rf5 54.Kb2 Re5  1/2-1/2

[Event "JUG-chT"]
[Site "Nis"]
[Date "1994.??.??"]
[Round "?"]
[White "Antic, Dejan"]
[Black "Komliakov, Viktor"]
[Result "0-1"]
[WhiteElo "2385"]
[BlackElo "2445"]

1.d4 d6 2.e4 Nf6 3.Nc3 c6 4.a4 e5 5.Nf3 Qc7 6.Bc4 Be7 7.O-O O-O 8.h3 a5 9.Be3 Nbd7
10.Ba2 exd4 11.Nxd4 Re8 12.Nf5 Bf8 13.Bd4 Ne5 14.Ng3 Be6 15.Bxe6 fxe6 16.f4 Ned7
17.Nh5 e5 18.fxe5 dxe5 19.Be3 Qd6 20.Qe2 Nxh5 21.Qxh5 Qe6 22.Rad1 Bc5 23.Bxc5 Nxc5
24.b3 Rf8 25.Qg5 Rxf1+ 26.Rxf1 h6 27.Qh4 Re8 28.Rf5 Qe7 29.Qh5 Nd7 30.Kh1 Nf8
31.Rf3 Rd8 32.Ne2 Qe8 33.Qxe8 Rxe8 34.Rd3 Ne6 35.Rd7 Nc5 36.Rc7 Nxe4 37.Rxb7 Rd8
38.Re7 Rd2 39.Ng1 Ng3+ 40.Kh2 Nf1+ 41.Kh1 e4 42.h4 Rxc2 43.Nh3 e3 44.Kg1 Rc1
45.Nf4 g5 46.hxg5 hxg5 47.Ne2 Re1 48.Nd4 g4 49.g3 Nd2+ 50.Kg2 c5  0-1

[Event "JUG-chT"]
[Site "Nis"]
[Date "1994.??.??"]
[Round "?"]
[White "Petkovic, Radoslov"]
[Black "Komliakov, Viktor"]
[Result "0-1"]
[WhiteElo "2300"]
[BlackElo "2455"]

1.e4 d6 2.d4 Nf6 3.Nc3 c6 4.g3 e5 5.Nge2 Be7 6.Bg2 b5 7.h3 h5 8.Be3 Bb7 9.d5 cxd5
10.Nxd5 Nxd5 11.exd5 Nd7 12.O-O Nb6 13.Qd3 Qd7 14.Nc3 b4 15.Ne2 f5 16.c4 bxc3
17.Nxc3 O-O 18.f4 e4 19.Qe2 Bf6 20.Rfd1 h4 21.gxh4 Bxc3 22.Bxb6 axb6 23.bxc3 Qc7
24.c4 Ra4 25.Bf1 Ba6 26.Rac1 Qc5+ 27.Kh1 Ra3 28.Rc2 Rf3 29.Re1 Rxf4 30.Qh2 Rxh4
31.Rg2 Rh6 32.Rg5 Qd4  0-1

[Event "NLD-ch op"]
[Site "?"]
[Date "1994.??.??"]
[Round "?"]
[White "Carlier, Bruno"]
[Black "Welling, Gerard"]
[Result "1/2-1/2"]
[WhiteElo "2365"]
[BlackElo "2400"]

1.e4 d6 2.d4 Nf6 3.Nc3 c6 4.Nf3 Bg4 5.Be2 e6 6.O-O d5 7.Ne5 Bxe2 8.Qxe2 dxe4
9.Rd1 Nbd7 10.Bg5 Be7 11.Nxe4 Nxe4 12.Bxe7 Qxe7 13.Qxe4 Rd8 14.Rd3 Nxe5 15.dxe5 Rxd3
16.Qxd3 O-O 17.Rd1 Qc5 18.Qe2 Qa5 19.a3 Rd8 20.g3 h6 21.Rxd8+ Qxd8 22.Qe4 a5
23.a4 Kf8 24.Kg2 Ke7 25.h4 h5 26.Qe3 Qd5+ 27.Kh2 g6 28.Qb6 c5 29.Qxa5 Qxe5
30.Qb5 Qc7 31.b3 b6 32.c3 Qd6 33.Qe2 Qd5 34.Qb5 Qd6 35.Kg1 Kf6 36.a5 Qd1+
37.Kg2 Qd5+ 38.Kg1 bxa5 39.Qxa5 Kf5 40.c4 Qd4 41.b4 Qxc4 42.bxc5 e5 43.Qb6 e4
44.Qd6 e3 45.Qd7+ Qe6 46.Qd3+ Qe4 47.Qxe3 Qxe3 48.fxe3 Ke6 49.Kf2 Kd5 50.Kf3 Kxc5
51.g4 hxg4+ 52.Kxg4 Kd5 53.h5 gxh5+ 54.Kxh5 Ke4 55.Kg5 Kxe3 56.Kf6  1/2-1/2

[Event "NLD-ch op"]
[Site "?"]
[Date "1994.??.??"]
[Round "?"]
[White "Van de Oudeweetering, Arthur"]
[Black "Domingo, Miguel"]
[Result "1-0"]
[WhiteElo "2330"]
[BlackElo "2130"]

1.e4 d6 2.d4 Nf6 3.Nc3 e5 4.Nf3 Nbd7 5.Bc4 Be7 6.O-O O-O 7.Re1 c6 8.a4 b6
9.Ba2 Bb7 10.h3 a6 11.Bg5 h6 12.Be3 Re8 13.Nh4 Bf8 14.Nf5 exd4 15.Bxd4 b5
16.axb5 axb5 17.b4 c5 18.Bxf6 Nxf6 19.Nxb5 Nxe4 20.Qg4 Qf6 21.Nc7 Nxf2 22.Nxe8 Rxe8
23.Kxf2 Rxe1 24.Rxe1 Bc8 25.b5 Bxf5 26.Qf3 Qd4+ 27.Kf1 Bg6 28.b6  1-0

[Event "NLD-chT9495"]
[Site "?"]
[Date "1994.??.??"]
[Round "2"]
[White "Beulen, Marcel"]
[Black "Zagema, Wieb"]
[Result "1/2-1/2"]
[WhiteElo "2310"]
[BlackElo "2355"]

1.e4 d6 2.d4 Nf6 3.Nc3 e5 4.Nf3 Nbd7 5.Bc4 Be7 6.O-O O-O 7.Re1 c6 8.a4 b6
9.h3 Bb7 10.Be3 a6 11.dxe5 dxe5 12.Nd2 Qc7 13.Bf1 Rfd8 14.Qb1 b5 15.Qa2 Nf8
16.Ne2 Ne6 17.Ng3 g6 18.Rad1 h5 19.Nf3 Nh7 20.Rd2 Nhg5 21.Nxg5 Nxg5 22.Rxd8+ Rxd8
23.axb5 cxb5 24.Bxg5 Bxg5 25.Bd3 Kg7 26.Nf1 Qc6 27.Ne3 Bxe3 28.Rxe3 f5 29.Qa3 Rd7
30.Qb4 f4 31.Re1 Qc7 32.Rd1 Rd4 33.Qe1 Qd8 34.f3 g5 35.Be2 g4 36.hxg4 hxg4
37.c3 Rxd1 38.Qxd1 Qc7 39.fxg4 Bxe4 40.Bf3 Bg6 41.Qd5 Kf6 42.g3 fxg3 43.Kg2 a5
44.Be4 Bxe4+ 45.Qxe4 Qd6 46.Kxg3 b4 47.cxb4 axb4  1/2-1/2

[Event "NLD-chT9495"]
[Site "?"]
[Date "1994.??.??"]
[Round "5"]
[White "De Wit, Johannes S"]
[Black "Cifuentes Parada, Roberto"]
[Result "1/2-1/2"]
[WhiteElo "2410"]
[BlackElo "2500"]

1.e4 d6 2.d4 Nf6 3.Nc3 e5 4.Nf3 Nbd7 5.Bc4 Be7 6.O-O O-O 7.a4 c6 8.Qe2 Qc7
9.a5 h6 10.h3 Re8 11.Bd2 exd4 12.Nxd4 d5 13.Bd3 Bd6 14.Rae1 Be5 15.Nf5 dxe4
16.Nxe4 Nxe4 17.Bxe4 Nf6 18.Qf3 Nxe4 19.Rxe4 Bxf5 20.Qxf5 Bxb2 21.Bf4 Qc8
22.Rxe8+ Qxe8 23.Rb1 Bd4 24.Rxb7 Qe1+ 25.Kh2 Qxf2 26.Qxf7+ Kh8 27.Re7 Rg8
28.Re8 Qg1+ 29.Kg3 Qf2+ 30.Kh2 Qg1+ 31.Kg3  1/2-1/2

[Event "NOR-ch"]
[Site "?"]
[Date "1994.??.??"]
[Round "5"]
[White "Fossan, Erik"]
[Black "Gabrielsen, Trond"]
[Result "1-0"]
[WhiteElo "2340"]
[BlackElo "2220"]

1.e4 d6 2.d4 Nf6 3.Nc3 c6 4.Be2 Qa5 5.Bd2 Qb6 6.e5 Nd5 7.Nf3 Nxc3 8.bxc3 Bf5
9.O-O d5 10.Rb1 Qc7 11.Nh4 Bg6 12.f4 e6 13.f5 Bxf5 14.Nxf5 exf5 15.Rxf5 g6
16.Rf3 Bg7 17.h4 O-O 18.h5 c5 19.hxg6 hxg6 20.Qe1 cxd4 21.cxd4 Qxc2 22.Bd3 Qxa2
23.Rh3 Re8 24.Bh6 Nd7 25.Qh4 Bh8 26.Bg5 Bg7 27.Bf6  1-0

[Event "CZE-ch (Women)"]
[Site "Nymburk"]
[Date "1994.??.??"]
[Round "7"]
[White "Hallerova, Eva"]
[Black "Slepankova, Radka"]
[Result "1-0"]
[WhiteElo "2225"]
[BlackElo "2005"]

1.e4 d6 2.d4 Nf6 3.Nc3 c6 4.Nf3 g6 5.Be2 Bg7 6.O-O O-O 7.a4 Qc7 8.h3 e5 9.Be3 Nbd7
10.Qd2 Re8 11.dxe5 dxe5 12.Rad1 Nf8 13.Qd6 Ne6 14.Qxc7 Nxc7 15.Rd2 Ne6 16.Rfd1 c5
17.Bb5 Rf8 18.Nxe5 Nxe4 19.Nxe4 Bxe5 20.c3 b6 21.Nd6 a6 22.Bc6 Rb8 23.Nxc8 Rfxc8
24.Bd7 Rc7 25.g3 Nf8 26.Bg4 Ne6 27.f4 Bf6 28.Bxe6 fxe6 29.Rd6 Kf7 30.R1d2 Rbb7
31.a5 bxa5 32.Rxa6 Rb5 33.c4 Rxb2 34.Rxb2 Bxb2 35.Rxa5 Bd4 36.Kf2 Kf6 37.Kf3 Rb7
38.Rb5 Ra7 39.Bxd4+ cxd4 40.Ke4 Ra3 41.g4 Rxh3 42.g5+ Ke7 43.Kxd4 Kd6 44.Rb6+ Kd7
45.Kc5 Rh4 46.Rb7+ Kc8 47.Rf7 h6 48.gxh6 Rxh6 49.Kd6 g5 50.fxg5 Rg6 51.c5 e5+
52.Rf6 Rg8 53.g6 e4 54.c6 Rd8+ 55.Kc5 e3 56.Re6 Rg8 57.Kb6 Kd8 58.Kb7 Rg7+
59.Kb6 e2 60.Rxe2 Rxg6 61.Kb7 Rg7+ 62.Kb8 Rg8 63.c7+ Kd7+ 64.Kb7  1-0

[Event "Oakham"]
[Site "Oakham"]
[Date "1994.??.??"]
[Round "8"]
[White "Emms, John M"]
[Black "Shaw, John"]
[Result "1/2-1/2"]
[WhiteElo "2525"]
[BlackElo "2290"]

1.e4 d6 2.d4 Nf6 3.Nc3 Nbd7 4.Be3 e5 5.f3 c6 6.Qd2 Be7 7.Nge2 O-O 8.O-O-O b5
9.Ng3 Nb6 10.dxe5 dxe5 11.Qxd8 Rxd8 12.Rxd8+ Bxd8 13.Bd3 g6 14.Nge2 Be6 15.Kb1 Nc4
16.Bxc4 Bxc4 17.b3 Be6 18.Nc1 Bb6 19.Bxb6 axb6 20.Nd3 Nd7 21.Rd1 Kf8 22.Nb4 Rc8
23.Rd6 Nb8 24.a4 bxa4 25.Nxa4 Ke7 26.Rd1 Nd7 27.Kb2 b5 28.Nc3 Nb6 29.Ra1 Kd6
30.Na6 Ra8 31.Rd1+ Ke7 32.Nb4 Rc8 33.Nd3 Kd6 34.Ka3 Ra8+ 35.Kb4 Nd7 36.Nc5+ Kc7
37.Nxd7 Bxd7 38.Kc5 Ra7 39.Rd2 Be6 40.Nd1 Rb7 41.Kb4 Kb6 42.Nf2 c5+ 43.Kc3 b4+
44.Kb2 Rd7 45.Rxd7 Bxd7 46.Nd3 f6 47.g4 g5 48.Kc1 Kb5 49.Kd2 c4 50.bxc4+ Kxc4
51.Nb2+ Kd4 52.Nd1 Be6 53.c3+ bxc3+ 54.Nxc3 Bc4 55.Nd1 Bf7 56.Ne3 Be6 57.Ke2 Bc4+
58.Kf2 Be6 59.Ng2 Bf7 60.h4 h5 61.gxh5 Bxh5 62.hxg5 fxg5 63.Ne3 g4 64.Nf5+ Kd3
65.Ng3  1/2-1/2